Ethics / (Record no. 69008)

MARC details
000 -LEADER
fixed length control field 00855nam a22002777i 4500
003 - CONTROL NUMBER IDENTIFIER
control field URS
005 - DATE AND TIME OF LATEST TRANSACTION
control field 20240425184553.0
008 - FIXED-LENGTH DATA ELEMENTS--GENERAL INFORMATION
fixed length control field 221227s2020 ph ||||| |||| 00| 0 eng d
020 ## - INTERNATIONAL STANDARD BOOK NUMBER
International Standard Book Number 9786218035669
040 ## - CATALOGING SOURCE
Language of cataloging eng
Description conventions rda
Transcribing agency DLC
Original cataloging agency DLC
Modifying agency DLC
-- URS
050 14 - LIBRARY OF CONGRESS CALL NUMBER
Classification number BJ 1012
Item number .C817 2020
082 ## - DEWEY DECIMAL CLASSIFICATION NUMBER
Edition number 170
Classification number C817 2020
100 1# - MAIN ENTRY--PERSONAL NAME
Personal name Corpuz, Ruben A.
Relator term author
245 10 - TITLE STATEMENT
Title Ethics /
Statement of responsibility, etc. Ruben A. Corpuz and Brenda B. Corpuz.
264 #1 - PRODUCTION, PUBLICATION, DISTRIBUTION, MANUFACTURE, AND COPYRIGHT NOTICE
Place of production, publication, distribution, manufacture Quezon City :
Name of producer, publisher, distributor, manufacturer Lorimar Publishing, Inc.
Date of production, publication, distribution, manufacture, or copyright notice [2020].
264 #4 - PRODUCTION, PUBLICATION, DISTRIBUTION, MANUFACTURE, AND COPYRIGHT NOTICE
Date of production, publication, distribution, manufacture, or copyright notice copyright 2020
300 ## - PHYSICAL DESCRIPTION
Extent vi, 184 pages ;
Dimensions 26 cm
336 ## - CONTENT TYPE
Content type term text
Content type code txt
Source rdacontent
337 ## - MEDIA TYPE
Media type term unmediated
Media type code n
Source rdamedia
338 ## - CARRIER TYPE
Carrier type term volume
Carrier type code nc
Source rdacarrier
504 ## - BIBLIOGRAPHY, ETC. NOTE
Bibliography, etc. note Includes bibliographical references (pages 175-176)and Appendix.
546 ## - LANGUAGE NOTE
Language note In English text.
650 #0 - SUBJECT ADDED ENTRY--TOPICAL TERM
Topical term or geographic name entry element Ethics
700 1# - ADDED ENTRY--PERSONAL NAME
Personal name Corpuz, Brenda B.
Relator term author
942 ## - ADDED ENTRY ELEMENTS (KOHA)
Source of classification or shelving scheme Dewey Decimal Classification
Koha item type Filipiniana
Holdings
Withdrawn status Source of classification or shelving scheme Damaged status Not for loan Home library Current library Shelving location Date acquired Total Checkouts Full call number Barcode Date last seen Price effective from Koha item type Total Renewals Date last checked out
  Dewey Decimal Classification     Pililla College Library Pililla College Library Filipiniana Section 04/20/2024   170 C817 2020 URSPIL-6805 04/20/2024 04/20/2024 Filipiniana    
  Dewey Decimal Classification     Pililla College Library Pililla College Library Filipiniana Section 04/23/2024 1 170 C817 2020 URSPIL-6806 05/10/2024 04/23/2024 Filipiniana 8 04/30/2024
  Library of Congress Classification     Tanay College Library Tanay College Library Reserve Section 12/28/2022   BJ 1012 .C817 2020 URSTAN-N3261 03/21/2023 03/21/2023 Filipiniana    

University of Rizal System
Email us at univlibservices@urs.edu.ph

Visit our Website www.urs.edu.ph/library